000 00604nam a2200217Ia 4500
003 GCL
008 140319s9999 xx 000 0 eng d
040 _aGCL /
_cGCL
082 0 4 _a658.4012
_bR S
100 1 _aROWE, ALAN J.
245 1 0 _aSTRATEGIC MANAGEMENT: A METHODOLOGICAL APPROACH /
_cROWE, ALAN J.
700 1 _aMASON, RICHARD O.
700 1 _aDICEL, KARLE.
260 _a[S.N] :
_bADDISON - WESLEY PUBLISHING COMPANY ،
_c1994
300 _a1040
650 0 4 _aMANAGEMENT
650 0 4 _aBUSINESS
650 0 4 _aFINANCIAL PLANNING
650 0 4 _aENVIRONMENTAL FORECASTING
942 _2ddc
_cBK
999 _c20471
_d20471